Research perspectives on English for academic purposes

Gespeichert in:
Bibliographische Detailangaben
Hauptverfasser: Flowerdew, John (VerfasserIn), Peacock, Matthew (VerfasserIn)
Format: Buch
Sprache:Englisch
Veröffentlicht: Cambridge Cambridge University 2001
Schriftenreihe:Cambridge Applied Linguistics Series
Schlagworte:
Tags: Tag hinzufügen
Keine Tags, Fügen Sie den ersten Tag hinzu!

MARC

LEADER 00000nam a2200000 a 4500
001 UCK5726
003 CL-VaPUC
008 050819e20010000uk |||||||||||||||||eng|d
020 |a 052180518X 
082 0 4 |a 428  |b FLO  |2 21 
100 0 |a Flowerdew, John  |e author  |9 494669 
700 0 |a Peacock, Matthew  |e author  |9 494670 
245 1 0 |a Research perspectives on English for academic purposes 
300 |a 467 p 
942 |c BK 
945 |d 20050819 00:00:00  |a jcarroza 
260 |a Cambridge  |b Cambridge University  |c 2001 
650 0 |a Lengua inglesa  |9 318842 
650 0 |a Estudio y enseñanza  |9 270395 
650 0 |a Lingüística  |9 265068 
583 |a last modification  |c 20130806 05:08:23  |k Rodrigo Vera 
490 0 |a Cambridge Applied Linguistics Series 
999 |c 314220  |d 314218 
952 |0 0  |1 0  |4 0  |6 428_000000000000000_FLO_2001  |7 0  |8 A  |9 386237  |a FDOPOS  |b FDOPOS  |d 2019-11-22  |i 4157176  |o 428 FLO 2001  |p 4157176  |r 2025-01-22  |w 2019-11-22  |y BK  |k MLA